| 000 | 00884nam a2200217 a 4500 | ||
|---|---|---|---|
| 001 | BRCA_88 | ||
| 005 | 20190320202856.0 | ||
| 008 | 870901s1985 mx-a---###---s010-0#spa-# | ||
| 040 |
_aDLC _cDLC _dDLC |
||
| 050 | 4 |
_aNX430.M4 _b.F47 1985 |
|
| 245 | 1 | 0 |
_aFestival de formas en homenaje a Fernando Gamboa, a sus 50 años como museógrafo y difusor de la cultura _cJosé Luis Cuevas ...[et al.]. |
| 260 |
_aMéxico _bUAM _c1985 |
||
| 300 |
_a133 p. _bil. (algunas a color) _c26 cm. |
||
| 500 | _acatálogo de la exposición realizada en la Galería Metropolitana (Ciudad de México), 11-30 de noviembre, 1985 | ||
| 500 | _aTítulo de la cubierta: Fernando Gamboa | ||
| 600 | 1 | 4 |
_aGamboa, Fernando _d1909- _xApreciación _9341 |
| 650 | 1 | 4 |
_aFestivales de arte _zMéxico _9342 |
| 650 | 1 | 4 |
_aArte mexicano _vCatálogos _xExposiciones _9343 |
| 700 | 1 |
_aCuevas, José Luis _d1934- _9344 |
|
| 942 |
_2lcc _cB |
||
| 999 |
_c76 _d76 |
||